01044nam a22002411 4500001001300000003000400013005001700017008004100034010002200075040001700097041001100114043001200125050001700137100005000154240009200204245023000296260015300526300002700679504003000706650002000736650002900756999001700785he 67000081 DLC20260227111443.0850321s1964 is a b f00010 eng  ahe 67000081 //r85 aDLC/ICUcICU1 aengrus ae-ur---0 aQH91b.I871310aIzhevskiĭ, G. K.q(Georgii Konstantinovich)10aOkeanologicheskie osnovy formirovanii͡a promyslovoĭ produktivnosti moreĭ.lEnglish10aOceanological principles as related to the fishery productivity of the seas.bOkeanologicheskie osnovy formirovaniya promyslovoi produktivnosti moreic[by] G.K. Izhevskii. Translated from Russian [by A. Birron and Z.S. Cole].0 aJerusalem,bIsrael Program for Scientific Translations; [available from the Office of Technical Services, U.S. Dept. of Commerce, Washington]c1964. a186 p.billus.c25 cm. aBibliography: p. 174-186. 0aMarine biology. 0aFisherieszSoviet Union. c32080d32080